[Event "Milan Crespi op 26th"]
[Site "Milan"]
[Date "2005.12.10"]
[Round "6"]
[White "Attianese, Aniello"]
[Black "Bozzali, Ermanno"]
[Result "0-1"]
[WhiteElo "1974"]
[BlackElo "2108"]
[PlyCount "100"]
[EventDate "2005.12.07"]
[EventType "swiss"]
[EventRounds "7"]
[EventCountry "ITA"]
[SourceTitle "EXT 2007"]
[Source "ChessBase"]
[SourceDate "2006.11.23"]
[SourceVersion "1"]
[SourceVersionDate "2006.11.23"]
[SourceQuality "1"]

1. d4 Nf6 2. c4 e6 3. Nc3 Bb4 4. Qc2 Nc6 5. Nf3 d6 6. Bg5 h6 7. Bh4 g5 8. Bg3 g4 9. Nh4 Nxd4 10. Qd3 Nc6 11. Ng6 Rg8 12. Nf4 Ne5 13. Qe3 Bd7 14. Bh4 Ng6 15. Nxg6 Rxg6 16. 0-0-0 Bxc3 17. Qxc3 Qe7 18. e3 e5 19. Bd3 Rg8 20. Rhf1 Nd5 21. Qb3 Qxh4 22. cxd5 0-0-0 23. Kb1 Kb8 24. Rc1 Bc8 25. Rc3 f5 26. Qc2 e4 27. Bb5 Rg7 28. Rc1 Qe7 29. g3 b6 30. Qa4 c5 31. dxc6 Qc7 32. Rh1 d5 33. h4 f4 34. gxf4 d4 35. exd4 Qxf4 36. Rhc1 Rc7 37. Qc4 Qxf2 38. Rf1 Qxd4 39. Qxd4 Rxd4 40. Rf6 Rd5 41. Bc4 Rc5 42. Bf1 Rf5 43. Rxf5 Bxf5 44. Kc1 Be6 45. b3 Rf7 46. Ba6 Kc7 47. Bb7 Rf3 48. Rc2 e3 49. Re2 g3 50. Kd1 Bf5 0-1

[Event "Milan Crespi op 26th"]
[Site "Milan"]
[Date "2005.12.07"]
[Round "1"]
[White "Tencati, Giuseppe"]
[Black "Attianese, Aniello"]
[Result "1-0"]
[WhiteElo "2132"]
[BlackElo "1974"]
[PlyCount "97"]
[EventDate "2005.12.07"]
[EventType "swiss"]
[EventRounds "7"]
[EventCountry "ITA"]
[SourceTitle "EXT 2007"]
[Source "ChessBase"]
[SourceDate "2006.11.23"]
[SourceVersion "1"]
[SourceVersionDate "2006.11.23"]
[SourceQuality "1"]

1. d4 d5 2. c4 e5 3. dxe5 d4 4. Nf3 Nc6 5. g3 Nge7 6. Bg2 Ng6 7. 0-0 Ngxe5 8. Nbd2 Be7 9. a3 a5 10. Qc2 d3 11. exd3 Qxd3 12. Qxd3 Nxd3 13. Ne4 Be6 14. b3 a4 15. b4 Bxc4 16. Be3 Rd8 17. Rfd1 0-0 18. Nfd2 Bd5 19. Bf1 Be6 20. Nc3 Bf6 21. Nde4 Bxc3 22. Nxc3 Nde5 23. Rxd8 Rxd8 24. Nxa4 Nf3+ 25. Kh1 Nce5 26. Bg2 b6 27. Nc3 Bb3 28. a4 Rd3 29. Rc1 Kf8 30. a5 bxa5 31. bxa5 Bc4 32. Ne4 Bd5 33. Nc5 Ra3 34. a6 Ra2 35. Bd4 Ng4 36. Re1 h5 37. Bxf3 Bxf3+ 38. Kg1 Kg8 39. Ra1 Rxa1+ 40. Bxa1 Kf8 41. a7 Ke7 42. Bxg7 Kd6 43. Nd3 f6 44. Nf4 c5 45. Bf8+ Kc7 46. Bxc5 Ne5 47. Nxh5 Nd7 48. Bd4 f5 49. Ng7 1-0